header

Troubleshooting injection moulding (Record no. 37075)

MARC details
000 -LEADER
fixed length control field 01352nam a2200337 a 4500
245 00 - TITLE STATEMENT
Title Troubleshooting injection moulding
260 ## - PUBLICATION, DISTRIBUTION, ETC. (IMPRINT)
Place of publication Shawbury, Shrewsbury, Shropshire, U.K. :
Name of publisher Rapra Technology Ltd.,
Year of publication 2004.
300 ## - PHYSICAL DESCRIPTION
Number of Pages 138 p. :
Other physical details ill.
490 1# - SERIES STATEMENT
Series statement Rapra review reports,
650 #0 - SUBJECT ADDED ENTRY--TOPICAL TERM
Topical Term Injection molding of plastics.
Topical Term Plastics
Topical Term Manufacturing processes.
700 1# - ADDED ENTRY--PERSONAL NAME
Personal name Goodship, Vannessa.
856 40 - ELECTRONIC LOCATION AND ACCESS
Uniform Resource Identifier http://site.ebrary.com/lib/rucke/Doc?id=10236794

No items available.

© 2026 Rongo University
Contact us: librarian | system librarian | Rongo university